Parishes of Guernsey with a Map - Statistics

General Stats
  • This quiz has been taken 171 times
  • The average score is 7 of 12
Answers on the Map
Answers color-coded by a green-red scale on the quiz's map according to % correct below.
 
Answer Stats
Parish % Correct
St. Pierre du Bois
88%
Sark
80%
St. Peter Port
77%
Alderney
73%
Castel
56%
St. Martin
51%
Vale
51%
St. Andrew
46%
St. Sampson
45%
Forest
44%
Torteval
41%
St. Saviour
38%
No matching quizzes found
Score Distribution
Percent of People with Each Score
Percentile by Number Answered
Your Score History
You have not taken this quiz